000 00715nam a22002297a 4500
003 DO-SdBNP
005 20230505123313.0
008 171120b1978 sp | 00| 0 spa d
020 _a8474540275
040 _aBPMSU
_bspa
_cBPMSU
082 4 _a813.5
_bSE454O 1978
_222
100 1 _aSegal, Erich
_d1937-2010
245 1 0 _aOliver's story /
_cErich Segal ; traducción de José Luis López Muñoz.
260 _aBarcelona :
_bMundo Actual,
_c1978.
300 _a301 p. ;
_c21 cm.
490 0 _aGrandes Novelistas
590 _6Inventariado, 2023/VM
650 4 _aNovela estadounidense.
700 1 _aLópez Muñoz, José Luis,
_etr.
910 _aLOPEREZ/ VMateo V. Control de calidad (BPMSU)
942 _2ddc
_cBK
999 _c12965
_d12965